000 005260000a22001810004500
003 MACL
005 20160318145831.0
008 160318b xxu||||| |||| 00| 0 eng d
040 _aMACL
_cMACL
041 _aHindi
082 _a910
100 _aशर्मा राजेन्‍द्र
_937941
245 _aदिल्‍ली कल और आज
260 _bविचार प्रकाशन
_c1982
_aनई दिल्‍ली
350 _a25
650 _aTravel
_947224
942 _cHIN
_k910
_2ddc
999 _c28262
_d28262